Culture Générale - Série 1567 - Statistiques

Statistiques générales
  • Ce quiz a été pris 103 fois
  • Le résultat moyen est 4 sur 10
Statistiques - réponses
Question Réponse % Correct
Sur quel continent êtes-vous si vous faites du trekking au Bhoutan ? Asie
99%
De quel gros arbre tropical, de la famille des bombacacées, le "pain de singe" est-il le fruit ? baobab
61%
Combien la girafe possède-t-elle de vertèbres cervicales ? sept
57%
Quel mot désigne à la fois un petit passereau à la queue dressée et une personne habitant une demeure creusée dans la roche ? troglodyte
56%
Quel détective résout l'énigme de “La Mystérieuse Affaire de Styles”, en 1920 ? Hercule Poirot
42%
A quel cinéaste expressionniste doit-on : "M le Maudit" et "Metropolis" ? Fritz Lang
39%
Sous quel autre nom connaît-on mieux le ministre d'Henri IV, Maximilien de Béthune ? Sully
37%
Quelle est la monnaie officielle du Liechtenstein ? franc suisse
28%
En 1983, à quel ministère Michel Rocard fut-il nommé ? Agriculture
6%
Du 16 au 19 octobre 1813, quelle bataille vit la défaite de Napoléon Ier devant les Russes, les Autrichiens, les Prussiens et les Suédois ? bataille de Leipzig
2%
Aucun quiz correspondant
Distribution des résultats
% des personnes avec chaque résultat
Percentile par nombre de réponses
Votre historique - résultats
Vous n’avez pas pris ce quiz